000 00406nam a22001577a 4500
005 20240108155051.0
008 190528b xxu||||| |||| 00| 0 eng d
020 _a978-93-81962-88-6
041 _aeng
100 _aSHARMA, DR, UDAYRAJ AND GOLI, DIVAKAR
245 _aPHARMACEUTICAL MARKETING MANAGEMENT
250 _a7th Ed. 2019
260 _aPUNE
_bNIRALI PRAKASHAN
300 _a8.2 p,
942 _cBK
999 _c5875
_d5873